00693 2200241 4500001002100000005001700021008004100038035002400079082001300103090002600116100001700142245009200159250001100251260003100262300002800293500003100321500001100352650001300363700001700376700001700393700002100410999002000431YOGYA-0411000000004220110401125301.0 ind  0010-041100000000042 a92(More) a92(More)bMurcTlDEP aMURPHY, Anne aThomas More/Anne Murphy ; editor seri Peter Verdy ; diterjemahkan oleh P. Hardono Hadi. aCet.1. aYogyakartabKanisiusc2001 a120 hlm.bilus.c21 cm. aBibliografi : hlm. 114-116 aIndeks aBiografi aVerdy, Peter aVerdy, Peter aHadi, P. Hardono aCB-D.11 2001-36